India State Flags - Statistics

General Stats
  • This quiz has been taken 187 times
  • The average score is 8 of 36
Answer Stats
Picture Answer % Correct
Andhra Pradesh
64%
Arunachal Pradesh
56%
Jammu and Kashmir
55%
Bihar
47%
Karnataka
45%
Himachal Pradesh
40%
Tamil Nadu
34%
Kerala
30%
Sikkim
26%
Telangana
26%
West Bengal
26%
Maharashtra
25%
Lakshadweep
22%
Goa
21%
Chhattisgarh
20%
Uttar Pradesh
19%
Odisha
18%
Chandigarh
17%
Manipur
17%
Delhi
16%
Jharkhand
16%
Dadra and Nagar Haveli and Daman and Diu
15%
Gujarat
15%
Nagaland
15%
Assam
13%
Uttarakhand
13%
Haryana
12%
Madhya Pradesh
12%
Meghalaya
12%
Tripura
12%
Andaman and Nicobar Islands
11%
Ladakh
11%
Punjab
11%
Rajasthan
10%
Mizoram
8%
Puducherry
6%
No matching quizzes found
Score Distribution
Percent of People with Each Score
Percentile by Number Answered
Your Score History
You have not taken this quiz